Ecuaciones diferenciales y problemas con valores en la frontera: cómputo y modelado
Guardat en:
| Autors principals: | , |
|---|---|
| Format: | Llibre |
| Idioma: | espanyol |
| Publicat: |
Ciudad de México
Pearson Educación
2009
|
| Edició: | 4a. ed |
| Matèries: | |
| Accés en línia: | Disponible Online |
| Etiquetes: |
Afegir etiqueta
Sense etiquetes, Sigues el primer a etiquetar aquest registre!
|
MARC
| LEADER | 00000nam a2200000 a 4500 | ||
|---|---|---|---|
| 001 | UCG0099 | ||
| 003 | CL-VaPUC | ||
| 005 | 20240624132326.0 | ||
| 008 | 100312e20090000MX |||||||||||||||||spa|d | ||
| 999 | |c 339850 |d 339848 | ||
| 020 | |a 9789702612858 | ||
| 040 | |c Pontificia Universidad Católica de Valparaíso | ||
| 082 | 0 | 4 | |a 515.35 EDW 2009 |2 21 |
| 100 | 0 | |a Edwards, C. Henry |e author |9 547489 | |
| 245 | 1 | 0 | |a Ecuaciones diferenciales y problemas con valores en la frontera: cómputo y modelado |
| 250 | |a 4a. ed | ||
| 260 | |a Ciudad de México |b Pearson Educación |c 2009 | ||
| 300 | |a 804 p | ||
| 583 | |a last modification |c 20121105 03:21:05 |k Rodrigo Vera | ||
| 650 | 0 | |a Ecuaciones diferenciales |9 260083 | |
| 650 | 0 | |a Modelos matemáticos |9 259437 | |
| 650 | 0 | |a Ecuaciones lineales |9 342219 | |
| 650 | 0 | |a Transformada de Laplace |2 CL-VaPUC |9 422308 | |
| 650 | 0 | |a Series de potencia |2 CL-VaPUC |9 425013 | |
| 650 | 0 | |a Series de Fourier |9 260465 | |
| 700 | 0 | |a Penney, David E |e author |9 547490 | |
| 856 | |u http://bibliografiadigital.pucv.cl/index.php/bibliotecapucv/catalog/book/38 |y Disponible Online | ||
| 942 | |c BK |2 ddc | ||
| 945 | |d 20100312 00:00:00 |a rbrito | ||
| 952 | |0 0 |1 0 |2 ddc |4 0 |6 515_350000000000000_EDW_2009 |7 0 |8 A |9 434085 |a BIBING |b BIBING |c RES |d 2019-11-22 |i 4641299 |l 12 |m 1 |o 515.35 EDW 2009 |p 4641299 |r 2025-03-24 |s 2025-03-13 |w 2019-11-22 |y BK |k CCI | ||